| 000 | 00383nam a22001457a 4500 | ||
|---|---|---|---|
| 999 |
_c15558 _d15558 |
||
| 003 | OSt | ||
| 008 | 190515b ||||| |||| 00| 0 eng d | ||
| 020 | _a9789387973190 | ||
| 082 |
_a658 _bPOO/MA |
||
| 100 |
_aPoongodi _94042 |
||
| 245 | _aManagement skills for sucessful Agri Entrepreneurs | ||
| 260 |
_aNew Delhi _bNew India publishing agency _c2019 |
||
| 300 | _a128 p. | ||
| 942 | _cBK | ||